CBSE OSWAAL ( ENG LAN & LIT)-10 (Record no. 12100)

MARC details
000 -LEADER
fixed length control field 00253nam a22000977a 4500
008 - FIXED-LENGTH DATA ELEMENTS--GENERAL INFORMATION
fixed length control field 221031b |||||||| |||| 00| 0 eng d
020 ## - INTERNATIONAL STANDARD BOOK NUMBER
International Standard Book Number 9789355951694
100 ## - MAIN ENTRY--PERSONAL NAME
Personal name Oswaal
9 (RLIN) 7599
245 ## - TITLE STATEMENT
Title CBSE OSWAAL ( ENG LAN & LIT)-10
260 ## - PUBLICATION, DISTRIBUTION, ETC. (IMPRINT)
Place of publication, distribution, etc. UP
Name of publisher, distributor, etc. Oswaal
Date of publication, distribution, etc. 2022-2023
Holdings
Withdrawn status Lost status Source of classification or shelving scheme Damaged status Koha normalized classification for sorting Not for loan Home library Current library Date acquired Total Checkouts Full call number Barcode Date last seen Date last checked out Price effective from Koha item type
    Dewey Decimal Classification   OSW_420_000000000000000   Good Samaritan School Library Good Samaritan School Library 10/31/2022 3 OSW420 OSW17300 09/30/2024 09/11/2024 10/31/2022 BOOK

Powered by Koha